000 01031nas a2200325 4500
001 BR2015003383
003 BR-BrBNA
005 20231205125417.0
007 ta
008 230509b bl.|||p| |||| 00| 00por d
040 _aBR-BrBNA
_bpor
_cBiblioteca Nacional de Agricultura
041 _a(Pt)
072 _aF08
100 1 _aCosta, E.
100 1 _aLeal, P.A.M.
100 1 _aMesquita, V. do A.G.
100 1 _aSassaqui, A.R.
245 1 _aEfeitos do Organosuper® e do ambiente protegido na formação de mudas de mamoeiro
246 1 _aOrganosuper® and protected environment effects in the formation of papaya seedling
650 _aMAMAO
650 _aCARICA PAPAYA
650 _aMUDA
650 _aFRUTICULTURA
650 _aESTUFA
650 _aSUBSTRATO
773 0 _tEngenharia Agrícola (Brazil)
_xISSN 1809-4430
_g(Jan-Feb 2011), v. 31(1) p. 41-55
_wBR2015003383
856 4 0 _uhttp://www.scielo.br/pdf/eagri/v31n1/v31n1a05.pdf
909 _a202311
_bLúcia
_c55
_dLúcia Elande
942 _2AGRIS
_n0
_cANA
999 _c244237
_d244237